Najlepsi strzelcy Borussi Dortmund. - Statystyki

Ogólne statystyki
  • Ten quiz został rozwiązany 81 razy
  • Średni wynik to 4 z 15
Statystyki odpowiedzi
Lata Narodowość Piłkarz % Poprawnych
2010-2014 Polska Lewandowski
99%
2012-teraz Niemcy Reus
91%
2013-2018 Gabon Aubameyang
86%
2001-2006 Czechy Koller
48%
1981-1999 Niemcy Zorc
29%
1993-2008 Niemcy Ricken
23%
1991-1999 Szwajcaria Chapuisat
13%
1988-1990, 1994-2000 Niemcy Moller
9%
1976-1983 Niemcy Burgsmuller
5%
1954-1963 Niemcy Kelbassa
5%
1958-1965 Niemcy Konietzka
3%
1960-1969 Niemcy Emmerich
0%
1956-1968 Niemcy Schmidt
0%
1959-1963 Niemcy Schutz
0%
1962-1971 Niemcy Wosab
0%
Nie znaleziono quizów pasujących do podanych kryteriów
Rozkład punktacji
Procent ludzi z każdym wynikiem
Percentyl według liczby udzielonych odpowiedzi
Twoja historia wyników
Nie rozwiązałeś tego quizu